[Event "Aut_2. Bundesliga Ost 2005/06"]
[Site "Wr. Neustadt"]
[Date "2006.02.24"]
[Round "7.5"]
[White "Pokorna, Regina"]
[Black "Miniboeck, Guenter"]
[Result "1-0"]
[WhiteElo "2353"]
[BlackElo "2351"]
[PlyCount "91"]
[EventDate "2005.10.08"]

1. e4 c5 2. Nf3 d6 3. d4 cxd4 4. Nxd4 Nf6 5. Nc3 a6 6. Bc4 e6 7. a3 b5 8. Ba2
Be7 9. O-O O-O 10. f4 Bb7 11. f5 e5 12. Nde2 Nbd7 13. Ng3 Rc8 14. Kh1 Nb6 15.
Nh5 Nc4 16. Nxf6+ Bxf6 17. Rf3 Bg5 18. b3 Nb6 19. Bxg5 Qxg5 20. Qxd6 Qf6 21.
Qxf6 gxf6 22. Rd1 Rfd8 23. Rxd8+ Rxd8 24. Rd3 Rc8 25. Kg1 a5 26. b4 axb4 27.
axb4 Nc4 28. Nxb5 Bxe4 29. Rc3 Nb6 30. Bxf7+ Kf8 31. Rxc8+ Nxc8 32. Be6 Ne7 33.
Nd6 Bxc2 34. b5 h5 35. Kf2 Bd3 36. g3 Kg7 37. Ke3 Bf1 38. b6 Kf8 39. Kf2 Ba6
40. Bd7 Nd5 41. b7 Bxb7 42. Nxb7 Ke7 43. Bc6 Nb4 44. Be4 Na6 45. h4 Nc7 46. Bf3
1-0

[Event "Aut_2. Bundesliga Ost 2005/06"]
[Site "Wr. Neustadt"]
[Date "2006.02.24"]
[Round "7.5"]
[White "Poecksteiner, Johann"]
[Black "Brandner, Stefan"]
[Result "0-1"]
[WhiteElo "2181"]
[BlackElo "2335"]
[PlyCount "73"]
[EventDate "2005.10.08"]

1. e4 e5 2. Nc3 Nf6 3. g3 Bc5 4. Bg2 d6 5. Nge2 Nc6 6. O-O h5 7. Na4 h4 8. Nxc5
dxc5 9. d3 hxg3 10. fxg3 Bg4 11. Be3 Qd6 12. Qe1 O-O-O 13. Qf2 Nd7 14. Nc3 Nd4
15. a4 Qg6 16. h4 Qh5 17. Bxd4 exd4 18. Nd5 Ne5 19. Nf4 Qh6 20. Bh3 g5 21. hxg5
Qxg5 22. Bg2 Rdg8 23. c3 Bf3 24. cxd4 cxd4 25. Qxf3 Nxf3+ 26. Rxf3 Qe5 27. a5
Rh6 28. Raf1 Rhh8 29. Nd5 c6 30. Nf6 Rg6 31. a6 bxa6 32. g4 Qh2+ 33. Kf2 Rhh6
34. e5 Qxe5 35. Ne4 Rxg4 36. Rh3 Rxh3 37. Bxh3 0-1

[Event "Aut_2. Bundesliga Ost 2005/06"]
[Site "Wr. Neustadt"]
[Date "2006.02.24"]
[Round "7.5"]
[White "Sulyok, Michael"]
[Black "Steiner, Johann"]
[Result "1-0"]
[WhiteElo "2205"]
[BlackElo "2059"]
[PlyCount "85"]
[EventDate "2005.10.08"]

1. c4 Nf6 2. Nc3 g6 3. e4 d6 4. d4 Bg7 5. h3 O-O 6. Bg5 Nbd7 7. Bd3 e5 8. d5
Nc5 9. Bc2 a5 10. Nge2 Bd7 11. b3 h6 12. Be3 Ne8 13. Qd2 Kh7 14. g4 Rb8 15. Ng3
c6 16. a3 b5 17. dxc6 Bxc6 18. cxb5 Bd7 19. a4 Qc8 20. Nd5 Be6 21. Rc1 Qb7 22.
Rd1 Rc8 23. O-O Bxd5 24. Qxd5 Qxd5 25. Rxd5 Nxa4 26. bxa4 Rxc2 27. b6 Rb2 28.
Rxa5 Nf6 29. Rd1 Rd8 30. Ra7 Kg8 31. a5 Bf8 32. a6 Nd7 33. b7 Nb8 34. Ra8 Be7
35. Rxb8 Rxb8 36. a7 R2xb7 37. axb8=Q+ Rxb8 38. Bxh6 f6 39. Be3 Kf7 40. Kg2 Ke6
41. h4 Rg8 42. Kf3 Rh8 43. h5 1-0

[Event "Aut_2. Bundesliga Ost 2005/06"]
[Site "Wr. Neustadt"]
[Date "2006.02.24"]
[Round "7.6"]
[White "Papp, Gabor"]
[Black "Ganaus, Hannes"]
[Result "1/2-1/2"]
[WhiteElo "2474"]
[BlackElo "2320"]
[PlyCount "68"]
[EventDate "2005.10.08"]

1. e4 c6 2. d4 d5 3. Nc3 dxe4 4. Nxe4 Bf5 5. Ng3 Bg6 6. h4 h6 7. Nf3 Nd7 8. h5
Bh7 9. Bd3 Bxd3 10. Qxd3 Ngf6 11. Bf4 Qa5+ 12. Bd2 Qc7 13. O-O-O e6 14. Qe2
O-O-O 15. Ne5 Nb6 16. c4 Rxd4 17. Be3 Rxd1+ 18. Rxd1 Rg8 19. f4 Kb8 20. Ne4
Nxe4 21. Bxb6 axb6 22. Rd7 Qc8 23. Qxe4 f6 24. Qd3 Bc5 25. Ng6 b5 26. Ne7 bxc4
27. Qd2 Be3 28. Qxe3 Qxd7 29. Nxg8 Qf7 30. Nxh6 Qxh5 31. Qxe6 Qxh6 32. Qd6+ Ka7
33. Qa3+ Kb6 34. Qb4+ Kc7 1/2-1/2

[Event "Aut_2. Bundesliga Ost 2005/06"]
[Site "Wr. Neustadt"]
[Date "2006.02.24"]
[Round "7.6"]
[White "Neumeier, Klaus"]
[Black "Petran, Peter"]
[Result "0-1"]
[WhiteElo "2275"]
[BlackElo "2342"]
[PlyCount "144"]
[EventDate "2005.10.08"]

1. e4 c6 2. d4 d5 3. e5 c5 4. dxc5 Nc6 5. Nf3 Bg4 6. Bb5 e6 7. b4 a5 8. c3 Nge7
9. Be3 Qc7 10. Nbd2 Nf5 11. Qa4 Nxe3 12. fxe3 Bxf3 13. Nxf3 Be7 14. Bxc6+ bxc6
15. Nd4 O-O 16. Nxc6 Bh4+ 17. g3 axb4 18. Qb5 Bg5 19. cxb4 Rfc8 20. a4 Bxe3 21.
Qd3 Bxc5 22. b5 Qb7 23. Ra2 g6 24. Rf1 Rxc6 25. bxc6 Qxc6 26. Rf4 Rb8 27. Kf1
Ba7 28. Kg2 h5 29. Qf3 Qc7 30. h4 Rb1 31. Re2 Rc1 32. Qa3 Rg1+ 33. Kh2 Qb6 34.
Qf3 Qb7 35. Rc2 Rb1 36. Qc3 Bb8 37. Qc8+ Kg7 38. Qxb7 Rxb7 39. Re2 Bc7 40. Kg2
Ba5 41. Ra2 Ra7 42. Rf3 Bc7 43. Rb3 Ra6 44. Re3 Bb6 45. Re1 Bd4 46. Kf3 f6 47.
exf6+ Kxf6 48. Ke2 e5 49. Rf1+ Ke6 50. Kd3 Bb6 51. Rc1 e4+ 52. Ke2 Ba7 53. Rc8
Kf5 54. Rf8+ Kg4 55. Ra3 Bc5 56. Rf4+ Kh3 57. Rc3 Bd4 58. Ra3 Be5 59. Rf1 d4
60. Rd1 Bd6 61. Ra2 Bc5 62. Rc1 d3+ 63. Kd2 Bf8 64. Rc4 Bh6+ 65. Kc3 Rd6 66.
Rd2 Bxd2+ 67. Kxd2 e3+ 68. Kd1 Rf6 69. Rf4 Rxf4 70. gxf4 Kg2 71. Ke1 d2+ 72.
Ke2 d1=Q+ 0-1

[Event "Aut_2. Bundesliga Ost 2005/06"]
[Site "Wr. Neustadt"]
[Date "2006.02.24"]
[Round "7.6"]
[White "Brod, Manfred"]
[Black "Weissenbeck, Manuel"]
[Result "1/2-1/2"]
[WhiteElo "2266"]
[BlackElo "2278"]
[PlyCount "31"]
[EventDate "2005.10.08"]

1. e4 c5 2. Nf3 d6 3. d4 cxd4 4. Nxd4 Nf6 5. Nc3 a6 6. f4 e5 7. Nf3 Nbd7 8. a4
Be7 9. Bd3 O-O 10. O-O exf4 11. Kh1 Ne5 12. Bxf4 Bg4 13. Be2 Ng6 14. Be3 Re8
15. a5 Rc8 16. Ra4 1/2-1/2

[Event "Aut_2. Bundesliga Ost 2005/06"]
[Site "Wr. Neustadt"]
[Date "2006.02.24"]
[Round "7.6"]
[White "Wanderer, Thomas"]
[Black "Riedner, Martin"]
[Result "1/2-1/2"]
[WhiteElo "2240"]
[BlackElo "2233"]
[PlyCount "65"]
[EventDate "2005.10.08"]

1. e4 e6 2. d3 d5 3. Nd2 Nf6 4. Ngf3 b6 5. c3 c5 6. Qa4+ Qd7 7. Qc2 Qc7 8. Be2
Nc6 9. O-O Bd6 10. Re1 O-O 11. Nf1 h6 12. Ng3 dxe4 13. dxe4 Bb7 14. Be3 Ne5 15.
Nxe5 Bxe5 16. Bf3 Rfd8 17. Rad1 Rxd1 18. Rxd1 Rd8 19. Rxd8+ Qxd8 20. Nf1 Ba6
21. Qd2 Qd3 22. Qxd3 Bxd3 23. Nd2 g5 24. g3 g4 25. Bg2 h5 26. Kh1 Kg7 27. f4
gxf3 28. Bxf3 Kg6 29. Kg2 Nd7 30. Kf2 Bf6 31. h3 Ne5 32. Be2 Bxe2 33. Bf4
1/2-1/2

[Event "Aut_2. Bundesliga Ost 2005/06"]
[Site "Wr. Neustadt"]
[Date "2006.02.24"]
[Round "7.6"]
[White "Salamon, Werner"]
[Black "Hechl, Gerald"]
[Result "1-0"]
[WhiteElo "2170"]
[BlackElo "2215"]
[PlyCount "55"]
[EventDate "2005.10.08"]

1. e4 c5 2. Nf3 e6 3. Nc3 a6 4. a4 Nc6 5. d4 cxd4 6. Nxd4 Nf6 7. Nxc6 bxc6 8.
Bd3 Bb4 9. O-O d5 10. e5 Nd7 11. Qg4 Bxc3 12. bxc3 O-O 13. Bh6 g6 14. Bxf8 Qxf8
15. Rfe1 Rb8 16. Qe2 Qc5 17. Bxa6 Qxc3 18. Bxc8 Rxc8 19. a5 Ra8 20. a6 Nc5 21.
a7 d4 22. Qf3 d3 23. Rec1 Nb7 24. Qxd3 Qxe5 25. Qg3 Qxg3 26. hxg3 Nd6 27. Rcb1
Nb5 28. c4 1-0

[Event "Aut_2. Bundesliga Ost 2005/06"]
[Site "Wr. Neustadt"]
[Date "2006.02.24"]
[Round "7.6"]
[White "Pichler, Michael"]
[Black "Strodl, Joachim"]
[Result "1-0"]
[WhiteElo "2185"]
[BlackElo "2075"]
[PlyCount "63"]
[EventDate "2005.10.08"]

1. e4 g6 2. Nc3 Bg7 3. g3 d6 4. Bg2 Nd7 5. Nge2 Ngf6 6. O-O O-O 7. h3 c5 8. f4
Rb8 9. g4 b5 10. Ng3 b4 11. Nce2 Bb7 12. d3 e5 13. f5 h6 14. g5 hxg5 15. Bxg5
Qb6 16. Be3 d5 17. Kh2 Qd6 18. Rf2 Nb6 19. b3 Rbd8 20. Qh1 c4 21. Rg1 cxd3 22.
cxd3 dxe4 23. dxe4 Qd3 24. Bc5 Rfe8 25. Bf3 Rc8 26. Bxb4 Rc2 27. fxg6 fxg6 28.
Qg2 Rxa2 29. Nf5 Bxe4 30. Qxg6 Qd7 31. Bxe4 Nxe4 32. Nh6+ 1-0

[Event "Aut_2. Bundesliga Ost 2005/06"]
[Site "Wr. Neustadt"]
[Date "2006.02.25"]
[Round "8.1"]
[White "Neumeier, Klaus"]
[Black "Alvir, Aco"]
[Result "1/2-1/2"]
[WhiteElo "2275"]
[BlackElo "2393"]
[PlyCount "59"]
[EventDate "2005.10.08"]

1. e4 c6 2. d4 d5 3. e5 c5 4. dxc5 Nc6 5. Nf3 Bg4 6. Bb5 e6 7. b4 Nge7 8. Nbd2
a6 9. Ba4 Qc7 10. h3 Bxf3 11. Nxf3 Ng6 12. O-O Be7 13. Re1 O-O 14. Bxc6 bxc6
15. Rb1 Qd7 16. Qe2 Rfb8 17. Bd2 a5 18. a3 axb4 19. axb4 Ra2 20. Nd4 f6 21.
exf6 Bxf6 22. b5 cxb5 23. c6 Qf7 24. Nxb5 Rxc2 25. Nd6 Rxb1 26. Rxb1 Qe7 27.
Nc8 Qe8 28. Nd6 Qe7 29. Nc8 Qe8 30. Nd6 1/2-1/2

[Event "Aut_2. Bundesliga Ost 2005/06"]
[Site "Wr. Neustadt"]
[Date "2006.02.25"]
[Round "8.1"]
[White "Hechl, Gerald"]
[Black "Smolen, Jan"]
[Result "1-0"]
[WhiteElo "2215"]
[BlackElo "2324"]
[PlyCount "139"]
[EventDate "2005.10.08"]

1. e4 c5 2. a3 Nf6 3. e5 Nd5 4. d4 cxd4 5. Qxd4 e6 6. c4 Nc6 7. Qe4 f5 8. Qe2
Nb6 9. Nf3 d5 10. exd6 Bxd6 11. Bg5 Qc7 12. Nc3 a6 13. b4 h6 14. Be3 Be7 15. g3
Bf6 16. Rc1 O-O 17. Bg2 Ne7 18. Nb1 Ng6 19. O-O e5 20. Bc5 Re8 21. Rfd1 Be6 22.
Bd6 Qf7 23. Nfd2 e4 24. c5 Nd5 25. Nxe4 fxe4 26. Qxe4 Nge7 27. Bxe7 Nxe7 28.
Qxb7 Rad8 29. Rxd8 Rxd8 30. Qxa6 Bd4 31. Qe2 Rf8 32. Kh1 Bxf2 33. Nd2 Nd5 34.
Ne4 Ne3 35. Qxf2 Qxf2 36. Nxf2 Rxf2 37. Be4 Ng4 38. c6 Rxh2+ 39. Kg1 Ra2 40. c7
Nf6 41. Bg6 Kf8 42. c8=Q+ Bxc8 43. Rxc8+ Ke7 44. Rc3 Ng4 45. Be4 Kd6 46. Rd3+
Ke5 47. Bd5 Rb2 48. Kf1 g5 49. Ke1 h5 50. Bf3 Nf6 51. Kd1 h4 52. gxh4 gxh4 53.
Bc6 Kf4 54. Rf3+ Kg5 55. Kc1 Re2 56. b5 Ng4 57. Rb3 Re6 58. a4 Nf2 59. Rf3 Rf6
60. Rxf6 Kxf6 61. a5 Nd3+ 62. Kd2 Ne5 63. Bd5 h3 64. a6 h2 65. a7 Nc4+ 66. Ke2
Nb6 67. a8=Q Nxa8 68. Bxa8 Ke7 69. b6 Kd6 70. Bh1 1-0

[Event "Aut_2. Bundesliga Ost 2005/06"]
[Site "Wr. Neustadt"]
[Date "2006.02.25"]
[Round "8.1"]
[White "Kuthan, Andreas"]
[Black "Pichler, Michael"]
[Result "1-0"]
[WhiteElo "2220"]
[BlackElo "2185"]
[PlyCount "75"]
[EventDate "2005.10.08"]

1. e4 e6 2. d4 d5 3. Nd2 dxe4 4. Nxe4 Bd7 5. Nf3 Bc6 6. Bd3 Nd7 7. O-O Ngf6 8.
Ng3 Be7 9. Re1 Bxf3 10. Qxf3 c6 11. c3 O-O 12. Bf4 Re8 13. Rad1 Nf8 14. a3 Qd5
15. Qe2 a6 16. Ne4 Ng6 17. Bc1 b5 18. g3 Rac8 19. h4 Nf8 20. Bg5 Qd8 21. Bc1
Nxe4 22. Bxe4 Qc7 23. Qf3 Nd7 24. h5 h6 25. Bc2 Nf8 26. Qg4 Kh8 27. Bf4 Bd6 28.
Be5 Bxe5 29. dxe5 Rcd8 30. Qf4 Re7 31. Rd6 Red7 32. Red1 Rxd6 33. exd6 Qa7 34.
b4 Nd7 35. Qe4 Nf6 36. Qxc6 Nxh5 37. Qc7 Qb8 38. Qxf7 1-0

[Event "Aut_2. Bundesliga Ost 2005/06"]
[Site "Wr. Neustadt"]
[Date "2006.02.25"]
[Round "8.1"]
[White "Mayr, Thomas"]
[Black "Froschauer, Hans"]
[Result "1-0"]
[WhiteElo "2128"]
[BlackElo "2140"]
[PlyCount "115"]
[EventDate "2005.10.08"]

1. e4 c5 2. Ne2 Nc6 3. c4 g6 4. d4 cxd4 5. Nxd4 Bg7 6. Be3 Nf6 7. Nc3 d6 8. Be2
Bd7 9. O-O O-O 10. f3 a6 11. Qd2 Rc8 12. Rac1 Nxd4 13. Bxd4 Bc6 14. b4 Nh5 15.
Be3 Bd7 16. Nd5 Be6 17. a4 Nf6 18. Nb6 Rb8 19. Rfd1 Nd7 20. a5 Nxb6 21. Bxb6
Qe8 22. b5 f5 23. exf5 gxf5 24. bxa6 bxa6 25. c5 dxc5 26. Bxa6 Qa4 27. Qe2 Bb3
28. Bc4+ Bxc4 29. Rxc4 Qa3 30. Qxe7 Qb3 31. Rdc1 Bd4+ 32. Kh1 Rxb6 33. axb6
Qxb6 34. Re1 Qb2 35. Rcc1 Qd2 36. Red1 Qf2 37. Rb1 Qe3 38. Qxe3 Bxe3 39. Rb7
Bd4 40. g3 Re8 41. Rd2 Rc8 42. Rd7 Rf8 43. Re2 Rf7 44. Rxf7 Kxf7 45. Kg2 Kf6
46. f4 Kf7 47. h3 h5 48. Kf1 c4 49. Ke1 c3 50. Kd1 Bf6 51. Kc2 Bd4 52. Kd3 Bf6
53. Rc2 Ke6 54. Ra2 Kf7 55. Ra6 Kg7 56. Rxf6 Kxf6 57. Kxc3 Ke6 58. Kc4 1-0

[Event "Aut_2. Bundesliga Ost 2005/06"]
[Site "Wr. Neustadt"]
[Date "2006.02.25"]
[Round "8.2"]
[White "Petran, Peter"]
[Black "Loeffler, Stefan"]
[Result "0-1"]
[WhiteElo "2342"]
[BlackElo "2440"]
[PlyCount "84"]
[EventDate "2005.10.08"]

1. g3 e5 2. c4 Nf6 3. Bg2 c6 4. d4 Bb4+ 5. Bd2 Bxd2+ 6. Qxd2 d6 7. Nc3 O-O 8.
e4 a6 9. Nge2 b5 10. cxb5 axb5 11. b4 Be6 12. O-O Na6 13. Rfb1 Bc4 14. d5 cxd5
15. exd5 Nc7 16. Nc1 Re8 17. Nb3 e4 18. Qd4 Bxd5 19. Nxd5 Ncxd5 20. Re1 Re5 21.
Nd2 Rc8 22. a4 Nc3 23. axb5 Rd5 24. Qa7 Rxd2 25. b6 Rb8 26. b7 Nd7 27. Bh3 Nb5
28. Qe3 Rd4 29. Ra8 Nb6 30. Rxb8 Qxb8 31. Qg5 Rd5 32. Qh4 g5 33. Qxe4 Re5 34.
Qb1 Qxb7 35. Rxe5 dxe5 36. Qf5 Qe7 37. f4 Nd4 38. Qxg5+ Qxg5 39. fxg5 Nf3+ 40.
Kf2 Nxg5 41. Bf5 Ne6 42. Ke3 Nd4 0-1

[Event "Aut_2. Bundesliga Ost 2005/06"]
[Site "Wr. Neustadt"]
[Date "2006.02.25"]
[Round "8.2"]
[White "Riedner, Martin"]
[Black "Schneider-Zinner, Harald"]
[Result "0-1"]
[WhiteElo "2233"]
[BlackElo "2365"]
[PlyCount "47"]
[EventDate "2005.10.08"]

1. f4 d5 2. Nf3 g6 3. g3 c6 4. Bg2 Qb6 5. Nc3 Bg7 6. d4 Nh6 7. e4 dxe4 8. Nxe4
Nf5 9. c3 O-O 10. O-O Be6 11. g4 Nd6 12. Nxd6 exd6 13. f5 Bd5 14. Qe1 Nd7 15.
Qh4 Rae8 16. Bh6 Re2 17. Bh1 Qxb2 18. Rab1 Qxc3 19. Bxg7 Qxd4+ 20. Rf2 Kxg7 21.
Rxb7 Nf6 22. Kf1 Qd1+ 23. Kg2 Bxf3+ 24. Kxf3 0-1

[Event "Aut_2. Bundesliga Ost 2005/06"]
[Site "Wr. Neustadt"]
[Date "2006.02.25"]
[Round "8.2"]
[White "Savio, Alfred"]
[Black "Sulyok, Michael"]
[Result "1/2-1/2"]
[WhiteElo "2036"]
[BlackElo "2205"]
[PlyCount "43"]
[EventDate "2005.10.08"]

1. d4 f5 2. c4 Nf6 3. g3 g6 4. Bg2 Bg7 5. Nc3 d6 6. Nf3 O-O 7. O-O Qe8 8. Nd5
Nxd5 9. cxd5 Nd7 10. Qc2 Nb6 11. Qxc7 Nxd5 12. Qc4 e6 13. e3 Bd7 14. Qb3 Bc6
15. Bd2 h6 16. Rac1 Rd8 17. Rfe1 Nf6 18. Ba5 Rd7 19. Nd2 Bxg2 20. Kxg2 d5 21.
Nf3 Ne4 22. Rc2 1/2-1/2

[Event "Aut_2. Bundesliga Ost 2005/06"]
[Site "Wr. Neustadt"]
[Date "2006.02.25"]
[Round "8.3"]
[White "Zwettler, Martin"]
[Black "Wippermann, Till"]
[Result "0-1"]
[WhiteElo "2218"]
[BlackElo "2446"]
[PlyCount "48"]
[EventDate "2005.10.08"]

1. d4 Nf6 2. Bg5 b6 3. e3 Bb7 4. Nd2 d6 5. Bxf6 exf6 6. Ngf3 f5 7. Bd3 g6 8. c3
Bg7 9. Qc2 O-O 10. h3 c5 11. dxc5 dxc5 12. g4 f4 13. e4 Nc6 14. O-O-O a6 15. h4
b5 16. h5 c4 17. Bf1 Qe7 18. hxg6 hxg6 19. Bh3 b4 20. Nxc4 bxc3 21. bxc3 Na5
22. Nxa5 Qa3+ 23. Kd2 Qxa5 24. g5 Bxe4 0-1

[Event "Aut_2. Bundesliga Ost 2005/06"]
[Site "Wr. Neustadt"]
[Date "2006.02.25"]
[Round "8.3"]
[White "Vykydal, Frantisek"]
[Black "Beckhuis, Gernod"]
[Result "0-1"]
[WhiteElo "2258"]
[BlackElo "2328"]
[PlyCount "94"]
[EventDate "2005.10.08"]

1. e4 c5 2. Nc3 Nc6 3. g3 g6 4. Bg2 Bg7 5. d3 e6 6. Be3 b6 7. Qd2 Bb7 8. Nge2
Rc8 9. d4 cxd4 10. Nxd4 Ne5 11. Ndb5 Nc4 12. Nd6+ Nxd6 13. Qxd6 Rxc3 14. Bd4
Rc6 15. Qxc6 Bxc6 16. Bxg7 f6 17. Bxh8 Kf7 18. O-O-O Nh6 19. Bxf6 Qxf6 20. e5
Qxe5 21. Bxc6 dxc6 22. Rhe1 Qc7 23. Rd4 Nf5 24. Rde4 Qc8 25. h4 c5 26. c3 Qc6
27. Kc2 Qd5 28. b3 b5 29. R1e2 a5 30. Rf4 Ke7 31. Rfe4 b4 32. g4 Nxh4 33. f4
bxc3 34. Re5 Qd7 35. f5 gxf5 36. gxf5 Nf3 37. Rxe6+ Kf7 38. Kxc3 Nd4 39. Rd2
Qb7 40. Rh6 Qb4+ 41. Kd3 Nf3 42. Re2 Ne1+ 43. Rxe1 Qxe1 44. Rxh7+ Kf6 45. Kc4
Qb4+ 46. Kd5 Qd4+ 47. Kc6 c4 0-1

[Event "Aut_2. Bundesliga Ost 2005/06"]
[Site "Wr. Neustadt"]
[Date "2006.02.25"]
[Round "8.3"]
[White "Staudner, Oliver"]
[Black "Mlynek, Petr"]
[Result "1-0"]
[WhiteElo "2380"]
[BlackElo "2270"]
[PlyCount "81"]
[EventDate "2005.10.08"]

1. e4 c6 2. d4 d5 3. e5 Bf5 4. c3 e6 5. Be3 Qb6 6. Qb3 Nd7 7. Nd2 Ne7 8. f4 Bg6
9. Ngf3 Nf5 10. Bf2 h5 11. g3 Be7 12. Be2 O-O 13. h3 c5 14. g4 Nh6 15. Rg1 hxg4
16. hxg4 c4 17. Qxb6 Nxb6 18. Bh4 Rfe8 19. Bxe7 Rxe7 20. Nh4 Bc2 21. Rc1 Bh7
22. Rg3 Rc8 23. Bd1 a6 24. Nf1 Nd7 25. Ne3 b5 26. Bf3 a5 27. g5 Nf5 28. Nhxf5
Bxf5 29. Nxf5 exf5 30. Bxd5 Nb6 31. Bf3 Rd8 32. Rc2 Nd5 33. Bxd5 Rxd5 34. Rh2
Rb7 35. Rgh3 Kf8 36. Rh8+ Ke7 37. Rc8 Rdd7 38. Kd2 Ke6 39. Rhh8 b4 40. Ke3 bxc3
41. Rhe8+ 1-0

[Event "Aut_2. Bundesliga Ost 2005/06"]
[Site "Wr. Neustadt"]
[Date "2006.02.25"]
[Round "8.4"]
[White "Groetz, Harald"]
[Black "Timoscenko, Gennadij"]
[Result "1/2-1/2"]
[WhiteElo "2325"]
[BlackElo "2518"]
[PlyCount "83"]
[EventDate "2005.10.08"]

1. e4 e5 2. Nf3 Nc6 3. Bb5 a6 4. Bxc6 dxc6 5. O-O Bd6 6. d4 exd4 7. Qxd4 f6 8.
Be3 Ne7 9. Nbd2 Be6 10. Rad1 O-O 11. Qc3 Qe8 12. Nc4 Rd8 13. Nxd6 cxd6 14. Nd4
Bf7 15. Nb3 Ng6 16. Rfe1 Rd7 17. Rd4 c5 18. Rd2 b6 19. f3 Qe5 20. Qxe5 Nxe5 21.
Rdd1 Nc4 22. Bc1 a5 23. a3 Rfd8 24. Nd2 Nxd2 25. Rxd2 a4 26. Rd3 d5 27. exd5
Bg6 28. Rd2 Rxd5 29. Rxd5 Rxd5 30. c3 Kf7 31. Kf2 Bc2 32. Re2 Bd3 33. Re1 g5
34. g3 Bb5 35. h4 h6 36. hxg5 hxg5 37. g4 Bc6 38. f4 gxf4 39. Bxf4 Bd7 40. Rg1
Kg6 41. Ke3 Bb5 42. Kf2 1/2-1/2

[Event "Aut_2. Bundesliga Ost 2005/06"]
[Site "Wr. Neustadt"]
[Date "2006.02.25"]
[Round "8.4"]
[White "Schroll, Gerhard"]
[Black "Hangweyrer, Manfred"]
[Result "1/2-1/2"]
[WhiteElo "2362"]
[BlackElo "2332"]
[PlyCount "24"]
[EventDate "2005.10.08"]

1. d4 e6 2. c4 f5 3. g3 Nf6 4. Bg2 Be7 5. Nf3 O-O 6. O-O d6 7. Nc3 Qe8 8. Re1
Qh5 9. e4 fxe4 10. Nxe4 Nc6 11. Nfg5 Qxd1 12. Rxd1 h6 1/2-1/2

[Event "Aut_2. Bundesliga Ost 2005/06"]
[Site "Wr. Neustadt"]
[Date "2006.02.25"]
[Round "8.4"]
[White "Sadilek, Maximilian"]
[Black "Neulinger, Manfred"]
[Result "0-1"]
[WhiteElo "2141"]
[BlackElo "2323"]
[PlyCount "80"]
[EventDate "2005.10.08"]

1. b3 e5 2. Bb2 Nc6 3. e3 g6 4. f4 Bg7 5. Bb5 Nge7 6. Nf3 f6 7. Nc3 d5 8. Qe2
O-O 9. e4 Nb4 10. O-O-O c6 11. Bd3 d4 12. Na4 Nxa2+ 13. Kb1 Nb4 14. fxe5 fxe5
15. Bc4+ Kh8 16. Ng5 b5 17. Nf7+ Rxf7 18. Bxf7 bxa4 19. h4 d3 20. cxd3 h5 21.
Bc4 Bg4 22. Qe3 Bxd1 23. Bxe5 Bc2+ 24. Kc1 Ng8 25. Bxg7+ Kxg7 26. Rf1 Nh6 27.
Qc5 Nxd3+ 28. Bxd3 Bxd3 29. Qe5+ Kh7 30. Rf6 Qh8 31. g4 Re8 32. Qg5 Qg7 33.
gxh5 gxh5 34. e5 a3 35. e6 Qxg5 36. hxg5 Ng4 37. Rf7+ Kg6 38. Rxa7 Rxe6 39.
Rxa3 Kxg5 40. b4 Bb5 0-1

[Event "Aut_2. Bundesliga Ost 2005/06"]
[Site "Wr. Neustadt"]
[Date "2006.02.25"]
[Round "8.4"]
[White "Posch, Werner"]
[Black "Schmid, Thomas"]
[Result "1-0"]
[WhiteElo "2250"]
[BlackElo "2117"]
[PlyCount "66"]
[EventDate "2005.10.08"]

1. e4 c5 2. Nc3 e6 3. g3 d5 4. Bg2 d4 5. Nce2 e5 6. d3 Bd6 7. f4 f6 8. Nf3 Ne7
9. O-O Nbc6 10. fxe5 Bxe5 11. Nf4 O-O 12. Bd2 g5 13. Nd5 Qd6 14. Nxg5 fxg5 15.
Rxf8+ Kxf8 16. Qf3+ Kg7 17. Rf1 Be6 18. Bxg5 Ng8 19. Nf6 Nxf6 20. Bxf6+ Kg8 21.
Qh5 Bxf6 22. Rxf6 Qe7 23. e5 Rf8 24. Qg5+ Kh8 25. Be4 Rf7 26. h4 Nxe5 27. Rxf7
Qxf7 28. Qxe5+ Kg8 29. Qxc5 Bh3 30. Bd5 Be6 31. Bg2 Qd7 32. Kh2 b6 33. Qg5+ Kf8
1-0

[Event "Aut_2. Bundesliga Ost 2005/06"]
[Site "Wr. Neustadt"]
[Date "2006.02.25"]
[Round "8.4"]
[White "Batyte, Daiva"]
[Black "Wiedner, Robert"]
[Result "1-0"]
[WhiteElo "2162"]
[BlackElo "2181"]
[PlyCount "39"]
[EventDate "2005.10.08"]

1. e4 c5 2. Nf3 e6 3. c3 b6 4. d4 Bb7 5. Bd3 d6 6. Nbd2 Nf6 7. Qe2 Be7 8. O-O
Nfd7 9. e5 Qc7 10. exd6 Bxd6 11. Ne4 Be7 12. Bg5 h6 13. Bxe7 Kxe7 14. c4 cxd4
15. Nxd4 Na6 16. Rfe1 Nac5 17. Nc3 Rhd8 18. Nd5+ Bxd5 19. cxd5 Nxd3 20. d6+ 1-0

[Event "Aut_2. Bundesliga Ost 2005/06"]
[Site "Wr. Neustadt"]
[Date "2006.02.25"]
[Round "8.4"]
[White "Kopinits, Anna-Christina"]
[Black "Wiedermann, Franz"]
[Result "1/2-1/2"]
[WhiteElo "2095"]
[BlackElo "2098"]
[PlyCount "145"]
[EventDate "2005.10.08"]

1. e4 d5 2. exd5 Qxd5 3. Nc3 Qa5 4. d4 Nf6 5. Bd2 c6 6. Bc4 Bf5 7. Nd5 Qd8 8.
Nxf6+ gxf6 9. c3 Nd7 10. Ne2 Nb6 11. Bb3 Qd7 12. Ng3 Bd3 13. Qf3 Bc4 14. O-O-O
Bxb3 15. axb3 Qd5 16. Qxd5 cxd5 17. Rhe1 h5 18. Bf4 Kd7 19. Kc2 h4 20. Nf1 e6
21. Ra1 a6 22. h3 Bd6 23. Bxd6 Kxd6 24. Ne3 Rac8 25. Rad1 f5 26. Kd3 Nd7 27.
Rh1 Nf6 28. Ke2 Rhg8 29. Rdg1 Ne4 30. Nf1 Ke7 31. Nd2 b5 32. b4 Ra8 33. Nb3 f6
34. Kf3 e5 35. g3 hxg3 36. fxg3 Rac8 37. Nc5 a5 38. bxa5 Nxc5 39. dxc5 Rxc5 40.
Ra1 Kd6 41. a6 Kc6 42. a7 Kb7 43. Ra5 Ka8 44. Rha1 Rg7 45. h4 Rb7 46. Ra6 b4
47. Rxf6 Rc8 48. Rxf5 bxc3 49. bxc3 Rb3 50. Kg2 Rbxc3 51. Rxe5 d4 52. Rb5 d3
53. Rb8+ Rxb8 54. axb8=Q+ Kxb8 55. Ra4 Kc7 56. Rd4 Kc6 57. Kf2 Rc2+ 58. Ke1
Re2+ 59. Kd1 Re3 60. Rg4 Kd5 61. Kd2 Rf3 62. h5 Ke5 63. h6 Rf2+ 64. Kxd3 Rh2
65. Ke3 Kf5 66. Ra4 Rxh6 67. Kf3 Rb6 68. Ra5+ Kg6 69. Kg4 Rb4+ 70. Kh3 Rb6 71.
g4 Rc6 72. Kh4 Rb6 73. Ra8 1/2-1/2

[Event "Aut_2. Bundesliga Ost 2005/06"]
[Site "Wr. Neustadt"]
[Date "2006.02.25"]
[Round "8.5"]
[White "Haba, Zdenek"]
[Black "Franzen, Jozef"]
[Result "0-1"]
[WhiteElo "2273"]
[BlackElo "2379"]
[PlyCount "136"]
[EventDate "2005.10.08"]

1. d4 Nf6 2. c4 e6 3. g3 d5 4. Bg2 dxc4 5. Nf3 Nc6 6. O-O Rb8 7. Nc3 Be7 8. e4
O-O 9. a4 a6 10. a5 Nb4 11. Ne5 c5 12. Nxc4 cxd4 13. Bf4 e5 14. Bxe5 dxc3 15.
Qxd8 Rxd8 16. Bxb8 Be6 17. Bd6 Bxd6 18. Nxd6 cxb2 19. Ra4 Nd3 20. Nc4 Rc8 21.
Nxb2 Nxb2 22. Rb4 Nc4 23. e5 Nd5 24. Rxb7 Nxa5 25. Ra7 Nb4 26. Rb1 Nb3 27. Bb7
Rd8 28. Bxa6 Nc6 29. Rc7 Nxe5 30. Bb7 g6 31. f4 Nd2 32. Rbc1 Ng4 33. h3 Ne3 34.
Kf2 Nd5 35. Bxd5 Rxd5 36. g4 h5 37. f5 gxf5 38. gxh5 Ne4+ 39. Ke3 Kh7 40. R1c6
Nd6 41. Rc5 Rd1 42. Rc1 Rxc1 43. Rxc1 Kh6 44. Kf4 Kxh5 45. Rg1 Ne4 46. Rg8 Kh6
47. h4 Nf6 48. Rh8+ Kg6 49. Rb8 Ng4 50. Rg8+ Kh7 51. Rb8 Nf6 52. Kg5 Nd5 53. h5
Nc3 54. Kf4 Kg7 55. Ke5 Nd5 56. Rb1 Kh6 57. Rh1 Ne3 58. Kf4 Ng4 59. Rh4 Nf6 60.
Kf3 Nxh5 61. Rd4 Kg5 62. Rd8 Nf6 63. Rb8 Bd5+ 64. Kf2 f4 65. Rb5 Kf5 66. Ra5
Ke5 67. Ra4 Ne4+ 68. Kf1 f3 0-1

[Event "Aut_2. Bundesliga Ost 2005/06"]
[Site "Wr. Neustadt"]
[Date "2006.02.25"]
[Round "8.5"]
[White "Kirschner, Alexander"]
[Black "Knoflicek, Ctibor"]
[Result "1/2-1/2"]
[WhiteElo "2201"]
[BlackElo "2192"]
[PlyCount "34"]
[EventDate "2005.10.08"]

1. c4 Nf6 2. Nc3 e5 3. Nf3 Nc6 4. e3 Bb4 5. Nd5 e4 6. Ng1 O-O 7. a3 Bd6 8. Ne2
Nxd5 9. cxd5 Ne5 10. Ng3 f5 11. d3 Qh4 12. dxe4 fxe4 13. Be2 Nd3+ 14. Bxd3 exd3
15. Qxd3 Bxg3 16. fxg3 Qh5 17. h3 d6 1/2-1/2